Homeopathy

Bibliographic Details
Main Author: Vithoulkas, George (Author)
Format: Book
Published: New York : Prentice-Hall Press , 1987
Subjects:

MARC

LEADER 00000cam a2200000 7i4500
001 0000008977
005 20230207093000.0
008 021119n
020 |a 0668045817 
090 0 0 |a RX76   |b .V57 
100 0 |a Vithoulkas, George ,   |e author 
245 0 0 |a Homeopathy   |c George Vithoulkas 
260 2 |a New York :   |b Prentice-Hall Press ,   |c 1987 
300 |a 154 p. ; ;   |c 21 cm. 
504 |a Includes bibliography: p. 146-150 and index 
650 0 |a Homeopathy   |v Popular works 
999 |a 1000036714   |b Book   |c OPEN SHELF (30 DAYS)   |e Gong Badak Campus